| 000 | 01252nam a22003737i 4500 | ||
|---|---|---|---|
| 001 | 200429723 | ||
| 003 | TR-AnTOB | ||
| 005 | 20240913171616.0 | ||
| 007 | ta | ||
| 008 | 180528s2018 tu a g 000 0 tur d | ||
| 020 | _a9789752485150 | ||
| 040 |
_aTR-AnTOB _btur _erda _cTR-AnTOB _dTR-AnTOB |
||
| 041 | 0 | _atur | |
| 050 | 0 | 4 |
_aND873.A835 _bB34 2018 |
| 090 |
_aND873.A835 _bB34 2018 |
||
| 245 | 0 | 0 |
_aBahar : _bİlhami Atalay yağlıboya resim sergisi. |
| 246 | 3 | 0 | _aİlhami Atalay yağlıboya resim sergisi |
| 264 | 1 |
_aİstanbul : _bZeytinburnu Belediyesi, _c2018. |
|
| 300 |
_a108 sayfa : _bresim ; _c23x23 sm. |
||
| 336 |
_atext _2rdacontent _btxt |
||
| 337 |
_aunmediated _2rdamedia _bn |
||
| 338 |
_avolume _2rdacarrier _bnc |
||
| 490 | 0 |
_aZeytinburnu Kültür ve Sanat Merkezi Yayınları ; _v23 |
|
| 590 | _aZeytinburnu Belediyesi tarafından bağışlanmıştır. | ||
| 600 | 1 | 0 |
_aŞen, Mehmet Lütfi _9113693 |
| 600 |
_aAtalay, İlhami _9120118 |
||
| 650 | 0 |
_aPainters _994045 |
|
| 650 | 7 |
_aSanat _vSergiler _2etuturkob _987302 |
|
| 650 | 7 |
_aResim _vSergiler _2etuturkob _937620 |
|
| 650 | 7 |
_aRessamlar _eetuturkob _9113496 |
|
| 650 | 0 |
_aPainting _vExhibitions _937616 |
|
| 942 |
_2lcc _cBK |
||
| 999 |
_c200429723 _d47649 |
||